<?xml version="1.0" encoding="UTF-8"?>
<record
    xmlns:xsi="http://www.w3.org/2001/XMLSchema-instance"
    xsi:schemaLocation="http://www.loc.gov/MARC21/slim http://www.loc.gov/standards/marcxml/schema/MARC21slim.xsd"
    xmlns="http://www.loc.gov/MARC21/slim">

  <leader>02429cam a2200325 a 4500</leader>
  <controlfield tag="001">105</controlfield>
  <controlfield tag="003">BR-CuiBMT</controlfield>
  <controlfield tag="005">20231113220101.0</controlfield>
  <controlfield tag="008">230815s2022    mgba          000 0 por d</controlfield>
  <datafield tag="020" ind1=" " ind2=" ">
    <subfield code="a">9788577001507 (v. 1)</subfield>
  </datafield>
  <datafield tag="020" ind1=" " ind2=" ">
    <subfield code="a">9788545000303 (v. 2)</subfield>
  </datafield>
  <datafield tag="020" ind1=" " ind2=" ">
    <subfield code="a">9786555184068 (v. 6)</subfield>
  </datafield>
  <datafield tag="040" ind1=" " ind2=" ">
    <subfield code="a">BR-CuiBMT</subfield>
    <subfield code="c">BR-CuiBMT</subfield>
  </datafield>
  <datafield tag="080" ind1=" " ind2=" ">
    <subfield code="2">2007</subfield>
    <subfield code="a">352:34</subfield>
  </datafield>
  <datafield tag="090" ind1=" " ind2=" ">
    <subfield code="a">352:34</subfield>
    <subfield code="b">D598</subfield>
  </datafield>
  <datafield tag="245" ind1="1" ind2="0">
    <subfield code="a">Direito municipal em debate /</subfield>
    <subfield code="c">[coordenadores-gerais: Eduardo de Souza Floriano, Taisa Cintra Dosso] ; [autores: Andrea Techmann Vizzotto ... et al.].</subfield>
  </datafield>
  <datafield tag="260" ind1=" " ind2=" ">
    <subfield code="a">Belo Horizonte :</subfield>
    <subfield code="b">F&#xF3;rum,</subfield>
    <subfield code="c">2008-2023.</subfield>
  </datafield>
  <datafield tag="300" ind1=" " ind2=" ">
    <subfield code="a">7 v. :</subfield>
    <subfield code="b">il. ;</subfield>
    <subfield code="c">22 cm</subfield>
  </datafield>
  <datafield tag="500" ind1=" " ind2=" ">
    <subfield code="a">V&#xE1;rios autores.</subfield>
  </datafield>
  <datafield tag="504" ind1=" " ind2=" ">
    <subfield code="a">Inclui bibliografia.</subfield>
  </datafield>
  <datafield tag="505" ind1="0" ind2=" ">
    <subfield code="a">Conte&#xFA;do completo: v. 1. Direito municipal em debate / Arlindo Daibert ... [et al.] (organizadores) ; pref&#xE1;cio Ricardo C&#xE9;sar Pereira Lira ; [autores Andrea Teichmann Vizzotto ... et al.] -- v. 2. Direito municipal em debate / Cristiane da Costa Nery, Ge&#xF3;rgia Teixeira Jezler Campello, coordenadoras ; Odete Medauar, pref&#xE1;cio ; [autores Ana Lu&#xED;sa Soares de Carvalho ... et al.] -- v. 3. Direito municipal em debate / Bruno Santos Cunha, Cristiane da Costa Nery, Ge&#xF3;rgia Teixeira Jezler Campello, coordenadores ; pref&#xE1;cio Carlos Ari Sundfeld ; [autores Eduardo Amin Menezes Hassan ... et al.] -- v. 4. Direito municipal em debate / Eduardo de Souza Floriano, coordenador ; pref&#xE1;cio Cristiano Reis Giuliani ; [autores Thiago Queiroz Carneiro ... et al.] -- v. 5. Direito municipal em debate / Eduardo de Souza Floriano, coordenador-geral ; Bruno Santos Cunha, Gustavo Machado Tavares, coordenadores -- v. 6. Direito municipal em debate / Taisa Cintra Dosso, coordenadora-geral ; Gustavo Machado Tavares, Thiago Viola Pereira da Silva coordenadores ; pref&#xE1;cio Irene Patr&#xED;cia Nohara ; [autores Alexsandro Rahbani Arag&#xE3;o Feij&#xF3; ... et al.] -- v. 7. Direito municipal em debate / Taisa Cintra Dosso, Gustavo Machado Tavares, Thiago Viola Pereira da Silva, coordenadores ; pref&#xE1;cio Gustavo Justino de Oliveira.</subfield>
  </datafield>
  <datafield tag="590" ind1=" " ind2=" ">
    <subfield code="8">A biblioteca possui apenas os volumes 1, 2 e 6.</subfield>
  </datafield>
  <datafield tag="650" ind1=" " ind2=" ">
    <subfield code="a">Direito municipal</subfield>
  </datafield>
  <datafield tag="650" ind1=" " ind2=" ">
    <subfield code="a">Administra&#xE7;&#xE3;o p&#xFA;blica</subfield>
    <subfield code="x">Munic&#xED;pios</subfield>
    <subfield code="x">Aspectos jur&#xED;dicos</subfield>
  </datafield>
  <datafield tag="650" ind1=" " ind2=" ">
    <subfield code="a">Direito p&#xFA;blico</subfield>
    <subfield code="z">Brasil</subfield>
  </datafield>
  <datafield tag="700" ind1="1" ind2=" ">
    <subfield code="a">Dosso, Taisa Cintra</subfield>
    <subfield code="4">coord.</subfield>
  </datafield>
  <datafield tag="700" ind1="1" ind2=" ">
    <subfield code="a">Floriano, Eduardo de Souza</subfield>
    <subfield code="4">coord.</subfield>
  </datafield>
  <datafield tag="700" ind1="1" ind2=" ">
    <subfield code="a">Vizzotto, Andrea Techmann</subfield>
    <subfield code="e">et al.</subfield>
    <subfield code="e">autores</subfield>
  </datafield>
  <datafield tag="942" ind1=" " ind2=" ">
    <subfield code="2">udc</subfield>
    <subfield code="c">LV</subfield>
  </datafield>
  <datafield tag="952" ind1=" " ind2=" ">
    <subfield code="0">0</subfield>
    <subfield code="1">0</subfield>
    <subfield code="2">udc</subfield>
    <subfield code="4">0</subfield>
    <subfield code="7">0</subfield>
    <subfield code="a">BIBTCEMT</subfield>
    <subfield code="b">BIBTCEMT</subfield>
    <subfield code="d">2023-06-28</subfield>
    <subfield code="h">v. 6</subfield>
    <subfield code="l">0</subfield>
    <subfield code="o">352:34 D598</subfield>
    <subfield code="p">BIBTCEMT23080082</subfield>
    <subfield code="r">2023-08-15</subfield>
    <subfield code="t">Ex. 1</subfield>
    <subfield code="w">2023-08-15</subfield>
    <subfield code="y">LV</subfield>
  </datafield>
  <datafield tag="952" ind1=" " ind2=" ">
    <subfield code="0">0</subfield>
    <subfield code="1">0</subfield>
    <subfield code="2">udc</subfield>
    <subfield code="4">0</subfield>
    <subfield code="7">0</subfield>
    <subfield code="a">BIBTCEMT</subfield>
    <subfield code="b">BIBTCEMT</subfield>
    <subfield code="d">2019-08-14</subfield>
    <subfield code="h">v. 1</subfield>
    <subfield code="l">0</subfield>
    <subfield code="o">352:34 D598</subfield>
    <subfield code="p">BIBTCEMT23110095</subfield>
    <subfield code="r">2023-11-03</subfield>
    <subfield code="t">Ex. 1</subfield>
    <subfield code="w">2023-11-03</subfield>
    <subfield code="y">LV</subfield>
  </datafield>
  <datafield tag="952" ind1=" " ind2=" ">
    <subfield code="0">0</subfield>
    <subfield code="1">0</subfield>
    <subfield code="2">udc</subfield>
    <subfield code="4">0</subfield>
    <subfield code="7">0</subfield>
    <subfield code="a">BIBTCEMT</subfield>
    <subfield code="b">BIBTCEMT</subfield>
    <subfield code="d">2019-08-14</subfield>
    <subfield code="h">v. 1</subfield>
    <subfield code="l">0</subfield>
    <subfield code="o">352:34 D598</subfield>
    <subfield code="p">BIBTCEMT23110094</subfield>
    <subfield code="r">2023-11-03</subfield>
    <subfield code="t">Ex. 2</subfield>
    <subfield code="w">2023-11-03</subfield>
    <subfield code="y">LV</subfield>
  </datafield>
  <datafield tag="952" ind1=" " ind2=" ">
    <subfield code="0">0</subfield>
    <subfield code="1">0</subfield>
    <subfield code="2">udc</subfield>
    <subfield code="4">0</subfield>
    <subfield code="7">0</subfield>
    <subfield code="a">BIBTCEMT</subfield>
    <subfield code="b">BIBTCEMT</subfield>
    <subfield code="d">2019-08-01</subfield>
    <subfield code="h">v. 2</subfield>
    <subfield code="l">0</subfield>
    <subfield code="o">352:34 D598</subfield>
    <subfield code="p">BIBTCEMT23110333</subfield>
    <subfield code="r">2023-11-09</subfield>
    <subfield code="t">Ex. 1</subfield>
    <subfield code="w">2023-11-09</subfield>
    <subfield code="y">LV</subfield>
  </datafield>
  <datafield tag="952" ind1=" " ind2=" ">
    <subfield code="0">0</subfield>
    <subfield code="1">0</subfield>
    <subfield code="2">udc</subfield>
    <subfield code="4">0</subfield>
    <subfield code="7">0</subfield>
    <subfield code="a">BIBTCEMT</subfield>
    <subfield code="b">BIBTCEMT</subfield>
    <subfield code="d">2019-08-01</subfield>
    <subfield code="h">v. 2</subfield>
    <subfield code="l">0</subfield>
    <subfield code="o">352:34 D598</subfield>
    <subfield code="p">BIBTCEMT23110334</subfield>
    <subfield code="r">2023-11-09</subfield>
    <subfield code="t">Ex. 2</subfield>
    <subfield code="w">2023-11-09</subfield>
    <subfield code="y">LV</subfield>
  </datafield>
  <datafield tag="999" ind1=" " ind2=" ">
    <subfield code="c">105</subfield>
    <subfield code="d">105</subfield>
  </datafield>
</record>
